NATIONAL CERTIFICATE MECHANICAL ENGINEERING SCIENCE (Record no. 567545)

000 -LEADER
fixed length control field 00257nam a22001097a 4500
082 ## - DEWEY DECIMAL CLASSIFICATION NUMBER
Classification number 621 WAL
100 ## - MAIN ENTRY--PERSONAL NAME
Personal name EALKER,J.D
9 (RLIN) 57252
245 ## - TITLE STATEMENT
Title NATIONAL CERTIFICATE MECHANICAL ENGINEERING SCIENCE
260 ## - PUBLICATION, DISTRIBUTION, ETC.
Place of publication, distribution, etc. LONDON
Name of publisher, distributor, etc. PDF
Date of publication, distribution, etc. 1965
300 ## - PHYSICAL DESCRIPTION
Extent 395P
942 ## - ADDED ENTRY ELEMENTS (KOHA)
Koha item type Book
Holdings
Withdrawn status Lost status Damaged status Not for loan Permanent Location Current Location Shelving location Date acquired Total Checkouts Full call number Barcode Date last seen Price effective from Koha item type
        College of Electrical & Mechanical Engineering (CEME) College of Electrical & Mechanical Engineering (CEME) General Stacks 07/12/2017   621 WAL CEME-4268 06/28/2021 06/28/2021 Book
© 2023 Central Library, National University of Sciences and Technology. All Rights Reserved.